| 000 | 01495nam a2200337Ia 4500 | ||
|---|---|---|---|
| 001 | ebr10171482 | ||
| 003 | CaPaEBR | ||
| 006 | m u | ||
| 007 | cr cn||||||||| | ||
| 008 | 060524s2007 nyu sb 001 0 eng d | ||
| 010 | _z 2006046398 | ||
| 020 | _z1403974470 (alk. paper) | ||
| 040 |
_aCaPaEBR _cCaPaEBR |
||
| 035 | _a(OCoLC)568019262 | ||
| 050 | 1 | 4 |
_aDS485.H9 _bC55 2007eb |
| 082 | 0 | 4 |
_a954/.84035 _222 |
| 100 | 1 | _aCohen, Benjamin B. | |
| 245 | 1 | 0 |
_aKingship and colonialism in India's Deccan _h[electronic resource] : _b1850-1948 / _cBenjamin B. Cohen. |
| 260 |
_aNew York : _bPalgrave Macmillan, _c2007. |
||
| 300 | _axii, 231 p. | ||
| 504 | _aIncludes bibliographical references and index. | ||
| 533 |
_aElectronic reproduction. _bPalo Alto, Calif. : _cebrary, _d2007. _nAvailable via World Wide Web. _nAccess may be limited to ebrary affiliated libraries. |
||
| 650 | 0 |
_aLocal government _zIndia _zHyderabad (State) _xHistory _y19th century. |
|
| 650 | 0 |
_aLocal government _zIndia _zHyderabad (State) _xHistory _y20th century. |
|
| 651 | 0 |
_aHyderabad (India : State) _xPolitics and government _y19th century. |
|
| 651 | 0 |
_aHyderabad (India : State) _xPolitics and government _y20th century. |
|
| 651 | 0 |
_aHyderabad (India : State) _xEthnic relations _xPolitical aspects. |
|
| 655 | 7 |
_aElectronic books. _2local |
|
| 710 | 2 | _aebrary, Inc. | |
| 856 | 4 | 0 |
_uhttp://site.ebrary.com/lib/rucke/Doc?id=10171482 _zAn electronic book accessible through the World Wide Web; click to view |
| 999 |
_c248711 _d248711 |
||